North South University Library OPAC

Bangladesh legal decisions , (Record no. 30966)

MARC details
000 -LEADER
fixed length control field 00847nam a2200277 a 4500
001 - CONTROL NUMBER
control field BD-DhNSU-30966
003 - CONTROL NUMBER IDENTIFIER
control field BD-DhNSU
005 - DATE AND TIME OF LATEST TRANSACTION
control field 20260422115133.0
008 - FIXED-LENGTH DATA ELEMENTS--GENERAL INFORMATION
fixed length control field 260422s1982 bg ||||g vw|| 001 0|eng d
040 ## - CATALOGING SOURCE
Original cataloging agency DLC
Transcribing agency BD-DhNSU
Modifying agency BD-DhNSU
041 ## - LANGUAGE CODE
Language code of text eng
050 00 - LIBRARY OF CONGRESS CALL NUMBER
Classification number KNG19
Item number .A2B36 1982
245 00 - TITLE STATEMENT
Title Bangladesh legal decisions ,
Number of part/section of a work Vol. 2/
Statement of responsibility, etc. edited by Mahmudul Islam & Kazi Ebadul Hoque.
246 ## - VARYING FORM OF TITLE
Title proper/short title BLD
Remainder of title Volume II
260 ## - PUBLICATION, DISTRIBUTION, ETC.
Place of publication, distribution, etc. Dhaka :
Name of publisher, distributor, etc. Bangladesh Bar Council,
Date of publication, distribution, etc. 1982.
300 ## - PHYSICAL DESCRIPTION
Extent vp ;
Dimensions 25 cm.
500 ## - GENERAL NOTE
General note Dec- 82 Reg. No. DA. 513
526 ## - STUDY PROGRAM INFORMATION NOTE
Program name Law
590 ## - LOCAL NOTE (RLIN)
Documentalist Sumaiya Kainat Bintey Kohinoor
650 #0 - SUBJECT ADDED ENTRY--TOPICAL TERM
Topical term or geographic name entry element Law reports digests etc
Geographic subdivision Bangladesh.
650 #4 - SUBJECT ADDED ENTRY--TOPICAL TERM
Topical term or geographic name entry element Law reports digests etc
700 1# - ADDED ENTRY--PERSONAL NAME
Personal name Islam, Mahmudul
Relator term editor
700 1# - ADDED ENTRY--PERSONAL NAME
Personal name Hoque, Kazi Ebadul
Relator term editor
710 ## - ADDED ENTRY--CORPORATE NAME
Corporate name or jurisdiction name as entry element Bangladesh Bar Council.
942 ## - ADDED ENTRY ELEMENTS (KOHA)
Source of classification or shelving scheme lcc
Koha item type BK
999 ## - SYSTEM CONTROL NUMBERS (KOHA)
-- 30966
-- 30966
Holdings
Withdrawn status Lost status Source of classification or shelving scheme Damaged status Not for loan Collection Code Permanent Location Current Location Shelving location Date acquired Source of acquisition (Supplier) Currency Price Serial Enumeration / chronology Bill Code Total Checkouts Call Number Barcode (Accession #) Date last seen Copy number Bill Date Item type
    lcc   Not For Loan Reference Law Conference Room Law Conference Room General Stacks 2026-04-08 Karim International ৳ (BDT) 1116.00 vol-2 KI/NSU/L-77/25-26   KNG19.A2B36 1982 49253 2026-04-22 1 2026-03-09 Books
© 2017-2026 NSU Library
North South University

Powered by Koha